| 000 | 01577cam a2200409 a 4500 | ||
|---|---|---|---|
| 999 |
_c9649 _d9649 |
||
| 001 | 17103682 | ||
| 003 | GBCCL | ||
| 005 | 20241126110716.0 | ||
| 008 | 110701s2011 ii b b 000 0 eng d | ||
| 010 | _a 2011351845 | ||
| 020 | _a9788184651201 (pbk.) | ||
| 020 | _a8184651201 (pbk.) | ||
| 025 | _aI-E-2011-351845; 88-91; 70-91 | ||
| 035 | _a(OCoLC)ocn743481826 | ||
| 035 | _a(OCoLC)743481826 | ||
| 037 | _aLibrary of Congress -- New Delhi Overseas Office | ||
| 040 |
_aDKAGE _beng _cDKAGE _dUKMGB _dDLC |
||
| 042 |
_alccopycat _alcode |
||
| 043 | _aa-ii--- | ||
| 050 | 0 | 0 |
_aBT704 _b.A465 2011 |
| 082 | 0 | 4 |
_a261.8344 _223 _bAMI |
| 100 | 1 |
_aAmirtham, Metti. _916779 |
|
| 245 | 1 | 0 |
_aWomen in India : _bnegotiating body, reclaiming agency / _cMetti Amirtham. |
| 260 |
_aDelhi : _bIndian Society for Promoting Christian Knowledge, _c2017, 2011. |
||
| 300 |
_axxxiv, 195 p. : _bmaps ; _c22 cm. |
||
| 490 | 0 |
_aWomen's empowerment programme ; _v23 |
|
| 504 | _aIncludes bibliographical references (p. [181]-195). | ||
| 520 | _aStudy conducted in Dindigul District of Tamil Nadu, India. | ||
| 650 | 0 |
_aTheology _zIndia _zDindigul Anna (District) _916780 |
|
| 650 | 0 |
_aFeminism and Christianity _zIndia _zDindigul Anna (District). _916781 |
|
| 650 | 0 |
_aWomen's rights _zIndia _zDindigul Anna (District). _916782 |
|
| 650 | 0 |
_aSex discrimination against women _zIndia _zDindigul Anna (District). _916783 |
|
| 650 | 0 |
_aFeminism _zIndia _zDindigul Anna (District). _916784 |
|
| 906 |
_a7 _bcbc _ccopycat _d3 _encip _f20 _gy-gencatlg |
||
| 942 |
_2ddc _cBK |
||